Capitals and Largest Cities of Algeria - Statistics

General Stats
  • This quiz has been taken 12 times
  • The average score is 30 of 57
Answer Stats
Province Capital % Correct
Algiers Algiers
100%
Constantine Constantine
80%
Adrar Adrar
70%
Aïn Defla Aïn Defla
70%
Aïn Témouchent Aïn Témouchent
70%
Annaba Annaba
70%
Batna Batna
70%
Béchar Béchar
70%
Béjaïa Béjaïa
70%
Biskra Biskra
70%
Ain Salah Ain Salah
60%
Béni Abbès Béni Abbès
60%
Blida Blida
60%
Bordj Badji Mokhtar Bordj Badji Mokhtar
60%
Djanet Djanet
60%
El Bayadh El Bayadh
60%
El Oued El Oued
60%
Oran Oran
60%
Tizi Ouzou Tizi Ouzou
60%
Bordj Bou Arréridj Bordj Bou Arréridj
50%
Bouïra Bouïra
50%
Boumerdès Boumerdès
50%
Chlef Chlef
50%
Djelfa Djelfa
50%
El Menia El Menia
50%
El M'Ghair El M'Ghair
50%
El Tarf El Tarf
50%
Ghardaïa Ghardaïa
50%
Guelma Guelma
50%
Illizi Illizi
50%
In Guezzam In Guezzam
50%
Jijel Jijel
50%
Khenchela Khenchela
50%
Laghouat Laghouat
50%
Mila Mila
50%
Mostaganem Mostaganem
50%
Ouled Djellal Ouled Djellal
50%
Saïda Saïda
50%
Sidi Bel Abbès Sidi Bel Abbès
50%
Skikda Skikda
50%
Tamanrasset Tamanrasset
50%
Tiaret Tiaret
50%
Tlemcen Tlemcen
50%
Mascara Mascara
40%
Médéa Médéa
40%
M'Sila M'Sila
40%
Naâma Naâma
40%
Ouargla Ouargla
40%
Oum El Bouaghi Oum El Bouaghi
40%
Relizane Relizane
40%
Souk Ahras Souk Ahras
40%
Tébessa Tébessa
40%
Timimoun Timimoun
40%
Tindouf Tindouf
40%
Tipaza Tipaza
40%
Tissemsilt Tissemsilt
40%
Touggourt Touggourt
40%
No matching quizzes found
Score Distribution
Percent of People with Each Score
Percentile by Number Answered
Your Score History
You have not taken this quiz